[Event "Europa MM w"]
[Site "Leon"]
[Date "2001.11.06"]
[Round "1"]
[White "Arakhamia-Grant, K."]
[Black "Hund, B."]
[Result "1-0"]
[WhiteElo "2437"]
[BlackElo "2279"]
[PlyCount "71"]

1. e4 e5 2. Nf3 Nc6 3. Bb5 Nf6 4. O-O Be7 5. Re1 d6 6. h3 Bd7 7. c3 O-O 8. d4
Nxd4 9. Nxd4 exd4 10. Bxd7 Qxd7 11. cxd4 d5 12. e5 Ne4 13. Nc3 Nxc3 14. bxc3 b5
15. f4 f5 16. Qd3 a6 17. Bd2 Rac8 18. e6 Qd6 19. a4 c6 20. Bc1 Rce8 21. Re5 g6
22. axb5 axb5 23. Ra7 Qb8 24. Rd7 Bd6 25. e7 Rf6 26. Qe3 Kf7 27. g4 Qc8 28.
Rxd6 Rxd6 29. Ba3 Rf6 30. Qg3 fxg4 31. hxg4 Kg8 32. f5 gxf5 33. gxf5+ Kh8 34.
Qg5 Rf7 35. Kf2 Rg8 36. Qxg8+ 1-0

[Event "Europa MM w"]
[Site "Leon"]
[Date "2001.11.06"]
[Round "1"]
[White "Ramseier, J."]
[Black "Lomineishvili, M."]
[Result "0-1"]
[WhiteElo "2181"]
[BlackElo "2373"]
[PlyCount "81"]

1. d4 Nf6 2. Nf3 d5 3. g3 Bg4 4. Bg2 e6 5. O-O Nbd7 6. c4 c6 7. cxd5 exd5 8.
Nc3 Bd6 9. Bg5 O-O 10. Rc1 Re8 11. Re1 h6 12. Bxf6 Nxf6 13. Na4 Ne4 14. Nc5 Qe7
15. Nd3 Ng5 16. Nxg5 Qxg5 17. Qc2 Qf6 18. e3 Bf3 19. Nc5 Bxg2 20. Kxg2 Re7 21.
Qa4 Qg6 22. b4 a6 23. Qb3 h5 24. h4 Rae8 25. Qd3 Qg4 26. Qd1 Qg6 27. Qd3 Qg4
28. Qd1 Qf5 29. Qd3 Qf6 30. a4 g5 31. Rh1 g4 32. Qd1 Rxe3 33. Nd7 Qf3+ 34. Qxf3
Rxf3 35. Rhe1 Rxe1 36. Rxe1 Bxb4 37. Re8+ Kg7 38. Ne5 Rf6 39. Rb8 b5 40. Rb6 c5
41. dxc5 0-1

[Event "Europa MM w"]
[Site "Leon"]
[Date "2001.11.07"]
[Round "2"]
[White "Kachiani, K."]
[Black "Reizniece, D."]
[Result "1-0"]
[WhiteElo "2455"]
[BlackElo "2303"]
[PlyCount "127"]

1. d4 Nf6 2. c4 g6 3. Nc3 Bg7 4. e4 d6 5. Be2 O-O 6. Bg5 h6 7. Be3 Nbd7 8. f3
c5 9. d5 Ne5 10. f4 Ned7 11. Nh3 b5 12. cxb5 a6 13. Nf2 axb5 14. Bxb5 Ba6 15.
O-O Bxb5 16. Nxb5 Nb6 17. Qe2 Nfd7 18. a3 f5 19. Rad1 Nf6 20. exf5 gxf5 21. b4
Nbxd5 22. bxc5 Qd7 23. Qc4 e6 24. Bd4 dxc5 25. Ba1 Nh5 26. Nd3 Bxa1 27. Rxa1
Ne3 28. Nxc5 Qf7 29. Qxe6 Nxf1 30. Rxf1 Qxe6 31. Nxe6 Rfb8 32. Nbd4 Rxa3 33.
Nxf5 Rb2 34. Nxh6+ Kh7 35. Nf5 Raa2 36. Ng5+ Kg8 37. Nh4 Ng7 38. f5 Nh5 39. f6
Nxf6 40. Rxf6 Kg7 41. Rf1 Kh6 42. Ngf3 Kh5 43. Re1 Kg4 44. Re4+ Kh5 45. h3 Ra1+
46. Kh2 Rba2 47. Re5+ Kh6 48. Kg3 Rb2 49. Rc5 Ra4 50. Nf5+ Kg6 51. h4 Raa2 52.
Ne3 Rb4 53. h5+ Kh6 54. Rg5 Kh7 55. Rg6 Ra5 56. Ng5+ Kh8 57. h6 Rb7 58. Kh4
Ra4+ 59. g4 Ra1 60. Re6 Ra8 61. Ne4 Rb1 62. Nf6 Rf8 63. Ned5 Rb7 64. Nf4 1-0

[Event "Europa MM w"]
[Site "Leon"]
[Date "2001.11.07"]
[Round "2"]
[White "Rogule, L."]
[Black "Paehtz, E."]
[Result "1/2-1/2"]
[WhiteElo "2221"]
[BlackElo "2392"]
[PlyCount "42"]

1. c4 b6 2. Nc3 e6 3. e4 Bb7 4. d4 Bb4 5. Bd3 f5 6. Qe2 Nf6 7. Bg5 fxe4 8. Bxe4
Bxe4 9. Bxf6 Qxf6 10. Qxe4 Bxc3+ 11. bxc3 O-O 12. Nf3 Nc6 13. O-O Qf5 14. Qe2
Qh5 15. Rad1 Rae8 16. Rfe1 d6 17. Rd3 Nd8 18. Re3 Re7 19. Re4 Ref7 20. Rh4 Qf5
21. Qd2 h6 1/2-1/2

[Event "Europa MM w"]
[Site "Leon"]
[Date "2001.11.07"]
[Round "2"]
[White "Hund, B."]
[Black "Mamedjarova, Z."]
[Result "0-1"]
[WhiteElo "2279"]
[BlackElo "2231"]
[PlyCount "80"]

1. e4 e5 2. Bc4 Nf6 3. d3 c6 4. Qe2 g6 5. Nf3 Qe7 6. Nc3 Bg7 7. Bg5 O-O 8. h3
d6 9. Nh2 Qc7 10. Ng4 Nh5 11. Qf3 Kh8 12. Nf6 Nxf6 13. Bxf6 Na6 14. g4 Nc5 15.
h4 Be6 16. h5 Nd7 17. Bg5 Bxc4 18. h6 Be6 19. hxg7+ Kxg7 20. Bh6+ Kg8 21. Bxf8
Nxf8 22. Qh3 f6 23. f3 d5 24. Qh4 Qe7 25. Ne2 c5 26. O-O-O a5 27. Qg3 d4 28. g5
Bxa2 29. gxf6 Qxf6 30. f4 a4 31. fxe5 Qb6 32. Nf4 a3 33. bxa3 Rxa3 34. Kd2 c4
35. Nd5 Qa5+ 36. Kc1 Bb3 37. Ne7+ Kf7 38. Rdf1+ Ke8 39. Rxf8+ Kxf8 40. Qf2+ Ke8
0-1

[Event "Europa MM w"]
[Site "Leon"]
[Date "2001.??.??"]
[Round "3"]
[White "Ingolfsdottir, H."]
[Black "Hund, B."]
[Result "1/2-1/2"]
[WhiteElo "2005"]
[BlackElo "2279"]
[PlyCount "29"]

1. e4 c5 2. Nf3 d6 3. d4 cxd4 4. Nxd4 Nf6 5. Nc3 Nc6 6. Bg5 e6 7. Qd2 a6 8.
O-O-O h6 9. Be3 Ng4 10. Nxc6 bxc6 11. Bc5 Be7 12. h3 dxc5 13. Qxd8+ Bxd8 14.
hxg4 e5 15. Na4 1/2-1/2

[Event "Europa MM w"]
[Site "Leon"]
[Date "2001.11.09"]
[Round "4"]
[White "Radziewicz, I."]
[Black "Kachiani, K."]
[Result "1/2-1/2"]
[WhiteElo "2387"]
[BlackElo "2455"]
[PlyCount "20"]

1. d4 g6 2. e4 Bg7 3. c4 Nc6 4. d5 Nd4 5. Ne2 c5 6. Nxd4 Bxd4 7. Nd2 d6 8. Be2
Bg7 9. O-O Nf6 10. Rb1 O-O 1/2-1/2

[Event "Europa MM w"]
[Site "Leon"]
[Date "2001.11.09"]
[Round "4"]
[White "Paehtz, E."]
[Black "Socko, M."]
[Result "0-1"]
[WhiteElo "2392"]
[BlackElo "2375"]
[PlyCount "90"]

1. e4 e6 2. d4 d5 3. Nc3 Bb4 4. exd5 exd5 5. Bd3 Nc6 6. a3 Bxc3+ 7. bxc3 Be6 8.
Rb1 b6 9. Qf3 Qd7 10. Ne2 Nge7 11. O-O Bf5 12. Ng3 Bxd3 13. cxd3 O-O 14. a4 f5
15. Nh5 Ng6 16. Ba3 Rf7 17. Nf4 Nxf4 18. Qxf4 Ne7 19. Rfe1 Ng6 20. Qf3 Rd8 21.
Qd1 f4 22. f3 Rf6 23. Rb2 Re8 24. Rxe8+ Qxe8 25. Re2 Re6 26. Kf2 Kf7 27. Rxe6
Qxe6 28. Bc1 c6 29. Qe2 Qf6 30. a5 Qh4+ 31. Kg1 bxa5 32. Ba3 Qd8 33. Bc5 a4 34.
g3 Qg5 35. Kf2 h5 36. Qb2 fxg3+ 37. hxg3 h4 38. Qb7+ Kg8 39. Qb8+ Kh7 40. gxh4
{#} 40... Qd2+ 41. Kg3 Qe1+ 42. Kg4 Qxh4+ 43. Kf5 Qh5+ 44. Ke6 Qh3+ 45. Kf7
Qd7+ 0-1

[Event "Europa MM w"]
[Site "Leon"]
[Date "2001.11.10"]
[Round "5"]
[White "Kachiani, K."]
[Black "Madl, I."]
[Result "1/2-1/2"]
[WhiteElo "2455"]
[BlackElo "2426"]
[PlyCount "106"]

1. d4 d5 2. c4 c6 3. Nf3 Nf6 4. e3 Bf5 5. Nc3 e6 6. Nh4 Be4 7. f3 Bg6 8. Qb3
Qc7 9. Bd2 Bd6 10. cxd5 exd5 11. O-O-O Qb6 12. e4 Qxb3 13. axb3 dxe4 14. fxe4
Ng4 15. Nxg6 hxg6 16. Bc4 b5 {#} 17. Nxb5 cxb5 18. Bd5 Nf2 19. e5 Nxh1 20. Rxh1
Bc7 21. Bxa8 f6 22. h4 Kd7 23. Be4 f5 24. Bf3 Bb6 25. d5 Bd4 26. Re1 Na6 27.
Be2 Nc5 28. Bxb5+ Kc7 29. d6+ Kb6 30. Bc4 Ne4 31. Bf4 Rxh4 32. e6 Rxf4 33. e7
Nxd6 34. Re6 Be3+ 35. Kc2 Re4 36. Rxd6+ Kc7 37. Be6 Kxd6 38. e8=Q Rxe6 39. Qf8+
Re7 40. b4 Bb6 41. Qb8+ Kd7 42. Qa8 Ke6 43. Qg8+ Ke5 44. Qf8 Rc7+ 45. Kd3 g5
46. b5 Rd7+ 47. Ke2 Kf4 48. Qa3 g4 49. g3+ Kg5 50. Qf8 Bd8 51. Qc5 Bb6 52. Qc1+
Kh5 53. Qh1+ Kg5 1/2-1/2

[Event "Europa MM w"]
[Site "Leon"]
[Date "2001.11.10"]
[Round "5"]
[White "Gara, T."]
[Black "Paehtz, E."]
[Result "0-1"]
[WhiteElo "2348"]
[BlackElo "2392"]
[PlyCount "116"]

1. e4 c5 2. Nf3 d6 3. d4 cxd4 4. Nxd4 Nf6 5. f3 a6 6. c4 e6 7. Nc3 Nbd7 8. Be2
b6 9. O-O Bb7 10. Be3 Be7 11. Qd2 O-O 12. Rfd1 Qc7 13. Rac1 Rac8 14. a3 Qb8 15.
b4 Bd8 16. Nb3 Bc7 17. Bf4 Ne8 18. Kh1 Ndf6 19. Bf1 Nh5 20. Bg5 d5 21. cxd5
Bxh2 22. f4 Bxf4 23. Bxf4 Qxf4 24. Qxf4 Nxf4 25. g3 Nh5 26. Kh2 Nef6 27. Be2
Nxg3 28. Bf3 Rxc3 29. Rxc3 Ngxe4 30. Bxe4 Nxe4 31. Rc7 Bxd5 32. Nd4 g5 33. Ra7
g4 34. Nf5 Bb3 35. Ne7+ Kg7 36. Rd4 Nf6 37. Rxa6 Re8 38. Nc6 e5 39. Rd2 b5 40.
Ra7 Bd5 41. Ne7 Be4 42. Rf2 h5 43. Nf5+ Bxf5 44. Rxf5 Kg6 45. Rf1 Re6 46. a4
bxa4 47. b5 e4 48. Ra6 Nd5 49. Rxe6+ fxe6 50. Rb1 a3 51. Ra1 Kg5 52. Rxa3 h4
53. Ra6 g3+ 54. Kg1 h3 55. Rxe6 Nc3 56. Re8 Ne2+ 57. Kf1 g2+ 58. Kxe2 h2 0-1

[Event "Europa MM w"]
[Site "Leon"]
[Date "2001.11.10"]
[Round "5"]
[White "Reizniece, D."]
[Black "Hund, B."]
[Result "1/2-1/2"]
[WhiteElo "2303"]
[BlackElo "2279"]
[PlyCount "95"]

1. Nf3 Nf6 2. g3 d5 3. Bg2 c6 4. O-O Bf5 5. d3 h6 6. Nc3 e6 7. Nd2 Bh7 8. e4
dxe4 9. dxe4 Bb4 10. e5 Nfd7 11. Nc4 O-O 12. f4 Nb6 13. Qxd8 Rxd8 14. Nxb6 axb6
15. Ne4 Na6 16. c3 Be7 17. Be3 Bxe4 18. Bxe4 Bc5 19. Bxc5 Nxc5 20. Bc2 b5 21.
Rfd1 Kf8 22. Kf1 Rxd1+ 23. Bxd1 Nd3 24. b3 Ke7 25. Bc2 Nc5 26. Ke2 h5 27. Ke3
g6 28. Kd4 b6 29. a4 Rd8+ 30. Ke3 Ra8 31. h3 bxa4 32. bxa4 b5 33. a5 Ra6 34. c4
Nb7 35. cxb5 cxb5 36. Bd3 Rxa5 37. Rxa5 Nxa5 38. Bxb5 Nb3 39. Bc4 Na5 40. Kd4
Nxc4 41. Kxc4 Kd7 42. Kb5 Kc8 43. Kc6 Kd8 44. Kd6 Ke8 45. g4 hxg4 46. hxg4 Kd8
47. g5 Ke8 48. Kc7 1/2-1/2

[Event "Europa MM w"]
[Site "Leon"]
[Date "2001.11.10"]
[Round "5"]
[White "Ramseier, J."]
[Black "Voronova, T."]
[Result "1/2-1/2"]
[WhiteElo "2181"]
[BlackElo "2287"]
[PlyCount "114"]

1. d4 c5 2. c3 Nf6 3. Nf3 Qc7 4. g3 g6 5. Bg2 Bg7 6. O-O O-O 7. Bg5 d6 8. Nbd2
Nbd7 9. Re1 h6 10. Bxf6 Nxf6 11. e4 Rd8 12. Qe2 Be6 13. d5 Bg4 14. h3 Bxf3 15.
Bxf3 Qd7 16. Bg2 b5 17. Nf3 Rab8 18. Rad1 e5 19. h4 Rb7 20. Nh2 Qe7 21. Bh3 c4
22. Nf1 Rdb8 23. a3 h5 24. Rc1 Bh6 25. Rc2 Kg7 26. Qf3 Ne8 27. Ne3 Qf6 28. Qg2
Qd8 29. Qf3 Qf6 30. Qg2 Qe7 31. Qf3 Nf6 32. Rce2 Bxe3 33. Rxe3 a5 34. Rc1 Rf8
35. Re2 Ne8 36. Rf1 Nf6 37. Rc2 Nd7 38. Bxd7 Qxd7 39. Qe2 Qg4 40. Qe1 Qf3 41.
Qe2 Qxe2 42. Rxe2 f5 43. f3 f4 44. Kg2 fxg3 45. Kxg3 Rf4 46. Rh1 Rbf7 47. Rf2
Kh6 48. Rh3 Kg7 49. Kg2 Kf6 50. Kf1 Rb7 51. Rc2 Rg7 52. Rg2 Rg8 53. Kf2 Kf7 54.
Ke2 Ke7 55. Rg5 Kd7 56. Kf2 Kc7 57. Kg2 b4 1/2-1/2